000 00704nam a22002057a 4500
003 OSt
005 20250808054318.0
008 240529b |||||||| |||| 00| 0 eng d
020 _a9786218205086
040 _aDWC-Main lib
_cOC
082 _aFil. 346.07 D671o 2023
100 _aDomingi, Andrix D.
245 _aObligation and contracts :
_blaws, principles and jurisprudence/
_cAndrix D. Domingi
250 _a2023 edition
260 _aBenguet, Philippines :
_bCoaching for Results Publishing,
_cc2023.
300 _a770 pages :
_billustrations ;
_c23cm.
650 _a1. Contracts --- Philippines.
650 _a2. Obligations (Law) --- Philippines.
942 _2ddc
_cBK - FIL
_kFil.
_n0
_e2023 edition
999 _c66
_d66